000
00317nam a22001457a 4500
003
SGT
020
_a
9788119613991
082
_a
614.1
_b
KUM
100
_a
KUMAR, Dr .AJAY
245
_a
OSCE AND OSPE IN FORENSIC TOXICOLOGY
260
_a
INDIA
_b
IP PUB
_c
2024
300
_a
145
650
_a
SCIENCE
942
_2
ddc
_c
BK
999
_c
33268
_d
33268